| 000 | 00756nam a2200205Ia 4500 | ||
|---|---|---|---|
| 001 | db11-30214 | ||
| 003 | IT-MiCISF | ||
| 008 | 161014s9999||||xx |||||||||||||| ||und|| | ||
| 040 |
_aIT-MiCISF _cIT-MiCISF |
||
| 041 | _ait | ||
| 100 | _aAA.VV. | ||
| 245 | 0 |
_aIl Comitato Nazionale per la Bioetica (1990-1998) _bRelazione al Presidente del Consiglio |
|
| 250 | _a1a ed. | ||
| 260 |
_a Roma _bPresidenza del Consiglio dei Ministri _c1999 |
||
| 300 | _app. 318 | ||
| 500 | _aComitato Nazionale per la Bioetica / bioetica, comitati-di-etica, genetica, morte, trapianti, malato-terminale, servizi-sanitari, diagnosi-prenatale, procreazione-artificiale, infanzia, clonazione / documento | ||
| 650 | _abioetica | ||
| 942 | _cBK | ||
| 957 | _71 | ||
| 999 |
_a30214 _bsi _g1 _c209367 _d209367 |
||